Sanat "Nuotiolaulu" - Statistics

Yleistilastot
  • Tätä visaa on pelattu 27 kertaa
  • Keskiarvotulos 67 / 100
Vastaustilastot
Vastaus % Oikein
soi
100%
kuiske
95%
kuusten
95%
me
95%
Meil
95%
metsässä
95%
nuotiopiiri
95%
on
95%
kiirii
89%
ja
84%
Ja
84%
kipunat
84%
kohti
84%
sankariaikaa
84%
huminoi
79%
missä
79%
sadun
79%
tähtiä
79%
taikaa
79%
hongat
74%
kun
74%
laulumme
74%
tunnemme
74%
yli
74%
74%
yön
74%
tenhon
68%
tenhon
63%
muistain
58%
punervoi
58%
lähipuutkin
53%
ei
47%
huudot
42%
jutut
42%
kuulemme
42%
leiskuen
42%
maan
42%
metsän
42%
muuta
42%
nuolevi
42%
puuta
42%
sydän
42%
syttyy
42%
Tuli
42%
verhoo
42%
hämy
37%
hiillos
37%
hiipuva
37%
kiitos
37%
kutsuu
37%
Pyhän
37%
tuntemaan
37%
työ
37%
Yrjön
37%
harras
32%
himmenee
32%
lauha
32%
viime
32%
lankee
26%
laulussa
26%
Ehtoja vastaavia visoja ei löytynyt
Tulosjakauma
Jokaisen tuloksen saaneiden osuus
Persentiili vastausten määrän mukaan
Tuloshistoriasi
Et ole pelannut tätä visaa